| 000 | 00538nam a22000977a 4500 | ||
|---|---|---|---|
| 008 | 150810b xxu||||| |||| 00| 0 ger d | ||
| 100 | _aSchloss, Hermann | ||
| 245 |
_aDistinguishing characteristics of classic stamps _bdescription of reprints, postal forgeries, differences of types, watermarks, papers, colors, separations, gum, etc. [ |
||
| 260 |
_aNew York _bH.L. Lindquist _c1948 |
||
| 650 | _aGermany | German States | 19th Century | Classic Issues | Forgeries and Counterfeits | Reissues and Reprints | Production | Collecting | Identification | ||
| 999 |
_c1690 _d1690 |
||